00309nam a2200121Ia 4500008004100000020002200041041000800063082002200071100001500093245003300108260003700141300000900178230314s9999 xx 000 0 und d a978-93-5465-693-4 aeng aSO/301/SRE/B09760 aSreevani R aApplied Sociology for Nurses bJaypee BrothersaNew Delhic2022 a209p